Neuropsychology of perinatal complications / (Record no. 552)

MARC details
000 -LEADER
fixed length control field 01097cam a2200337 a 4500
005 - DATE AND TIME OF LATEST TRANSACTION
control field 20260322212024.0
008 - FIXED-LENGTH DATA ELEMENTS--GENERAL INFORMATION
fixed length control field data
010 ## - LIBRARY OF CONGRESS CONTROL NUMBER
LC control number 90010248 //r91
020 ## - INTERNATIONAL STANDARD BOOK NUMBER
International Standard Book Number 0826158900
020 ## - INTERNATIONAL STANDARD BOOK NUMBER
International Standard Book Number 9780826158901
040 ## - CATALOGING SOURCE
Original cataloging agency DNLM/DLC
Transcribing agency DLC
Modifying agency DLC
050 00 - LIBRARY OF CONGRESS CALL NUMBER
Classification number RG571
Item number .N38 1990
060 ## - NATIONAL LIBRARY OF MEDICINE CALL NUMBER
Classification number WQ 240 N4946
001 - CONTROL NUMBER
control field data
245 00 - TITLE STATEMENT
Title Neuropsychology of perinatal complications /
Statement of responsibility, etc. edited by Jeffrey W. Gray & Raymond S. Dean.
260 0# - PUBLICATION, DISTRIBUTION, ETC.
Place of publication, distribution, etc. New York :
Name of publisher, distributor, etc. Springer Pub. Co.,
Date of publication, distribution, etc. c1991.
300 ## - PHYSICAL DESCRIPTION
Extent x, 240 p. ;
Dimensions 24 cm.
504 ## - BIBLIOGRAPHY, ETC. NOTE
Bibliography, etc. note Includes bibliographical references and index.
590 ## - LOCAL NOTE (RLIN)
Local note Includes bibliographical references and index.
650 #0 - SUBJECT ADDED ENTRY--TOPICAL TERM
Topical term or geographic name entry element Pregnancy
General subdivision Complications.
650 #0 - SUBJECT ADDED ENTRY--TOPICAL TERM
Topical term or geographic name entry element Labor (Obstetrics)
General subdivision Complications.
650 #0 - SUBJECT ADDED ENTRY--TOPICAL TERM
Topical term or geographic name entry element Fetus
General subdivision Risk factors.
-- Risk factors.
650 #0 - SUBJECT ADDED ENTRY--TOPICAL TERM
Topical term or geographic name entry element Developmental disabilities
General subdivision Risk factors.
650 #0 - SUBJECT ADDED ENTRY--TOPICAL TERM
Topical term or geographic name entry element Neuropsychology.
650 #2 - SUBJECT ADDED ENTRY--TOPICAL TERM
Topical term or geographic name entry element Cognition Disorders
General subdivision etiology.
650 #2 - SUBJECT ADDED ENTRY--TOPICAL TERM
Topical term or geographic name entry element Nervous System Diseases
General subdivision etiology.
650 #2 - SUBJECT ADDED ENTRY--TOPICAL TERM
Topical term or geographic name entry element Pregnancy Complications.
650 #2 - SUBJECT ADDED ENTRY--TOPICAL TERM
Topical term or geographic name entry element Risk Factors.
700 1# - ADDED ENTRY--PERSONAL NAME
Personal name Gray, Jeffrey W.
700 1# - ADDED ENTRY--PERSONAL NAME
Personal name Dean, Raymond S.
Holdings
Withdrawn status Lost status Damaged status Not for loan Home library Current library Shelving location Date acquired Total checkouts Full call number Barcode Date last seen Price effective from Koha item type
        Riverside Riverside General stacks 22/03/2026   RG571 .N38 1990 BC0010565 22/03/2026 22/03/2026 Books